banner koha

Avaliação do potencial fitotóxico de Persea venosa Nees & Mart. (Lauraceae) sobre sementes e plântulas de diferentes espécies cultivadas (Registro n. 299127)

MARC details
000 -LÍDER
fixed length control field 04394nab a2200325 i 4500
003 - CÓDIGO MARC DA AGÊNCIA CATALOGADORA
Campo de controle BR-BrBNA
005 - DATA E HORA DA ÚLTIMA ATUALIZAÇÃO
Campo de controle 20240411090547.0
008 - CAMPO DE TAMANHO FIXO
fixed length control field 240411b2013 bl.qr|pooa||| 00| 0 por |
040 ## - FONTE DA CATALOGAÇÃO
Agência catalogadora BR-BrBNA
Idioma da catalogação por
072 ## - CATEGORIA AGRIS
Código AGRIS F60
072 ## - CATEGORIA AGRIS
Código AGRIS H50
072 ## - CATEGORIA AGRIS
Código AGRIS F62
100 ## - ENTRADA PRINCIPAL - NOME PESSOAL
Nome pessoal Mendes, C.E.
100 ## - ENTRADA PRINCIPAL - NOME PESSOAL
Nome pessoal Casarin, F.
100 ## - ENTRADA PRINCIPAL - NOME PESSOAL
Nome pessoal Sperandio, S.L.
100 ## - ENTRADA PRINCIPAL - NOME PESSOAL
Nome pessoal Moura, N.F.
100 ## - ENTRADA PRINCIPAL - NOME PESSOAL
Nome pessoal Denardin, R.B.N.
245 ## - TÍTULO PRINCIPAL
Título principal Avaliação do potencial fitotóxico de Persea venosa Nees & Mart. (Lauraceae) sobre sementes e plântulas de diferentes espécies cultivadas
500 ## - NOTA GERAL
Nota geral Publicação on-line; 44 ref.; 7 tables; Summaries (En, Pt)
942 ## - ADDED ENTRY ELEMENTS (KOHA)
Koha item type
520 ## - NOTA DE RESUMO
Nota de conteúdo <br/><br/>RESUMO: <br/><br/>Este estudo objetiva a análise dos efeitos alelopáticos de Persea venosa (paude-andrade) frente <br/>a diversas espécies cultivadas. Para os testes, foram utilizados extratos<br/>alcoólicos da casca do caule de pau-de-andrade, conforme sua utilização medicinal, em quatro<br/>concentrações. A atividade alelopática foi testada frente às cultivares de milho, soja, alface e<br/>rabanete. O experimento foi inteiramente casualizado, com quatro repetições de 50 sementes.<br/>A análise de cromatografia em camada delgada, utilizando-se sílica como fase estacionária<br/>e solventes de diferentes polaridades como fase móvel, foi utilizada para obtenção do perfil<br/>fitoquímico, sendo utilizado reveladores específicos para cada classe de metabólitos secundários<br/>testada. Observou-se que com o aumento da concentração do extrato de P. venosa, houve o<br/>aumento do número de plântulas anormais em todas as cultivares, chegando a percentuais<br/>de anormalidade de 100% para milho e soja, 93% para alface e 67,48% para rabanete na<br/>concentração de 160 g/L. Ademais, as anormalidades evidenciadas foram predominantes<br/>no sistema radicular das plântulas, ocasionando em todos os casos, necrose, truncamento,<br/>engrossamento, atrofia e aumento do número de pêlos absorventes. Devido à severidade com<br/>que os extratos afetaram o crescimento e a normalidade das plântulas, este estudo evidencia<br/>a possibilidade da ocorrência de citotoxicidade por parte da espécie P. venosa, vastamente<br/>utilizada na medicina tradicional.<br/><br/>Palavras-chave: Planta medicinal, Persea venosa, toxicidade, alelopatia.<br/>
520 ## - NOTA DE RESUMO
Nota de conteúdo <br/><br/>ABSTRACT: <br/><br/>Evaluation of the phytotoxic potential of Persea venosa Ness & Mart.<br/>(Lauraceae) on seeds and seedlings of different species grown. This study aims to analyze<br/>the allelopathic effects of Persea venosa (pau-de-andrade) on several cultivars. For the tests,<br/>we used alcoholic extracts from the bark of pau-de-andrade, according to their medicinal use in<br/>four concentrations. The allelopathic activity was tested on different cultivars of corn, soybeans,<br/>lettuce and radish. The experiment was completely randomized, with four replications of 50 seeds.<br/>The chromatographic analysis of a thin layer, using silica as the stationary phase and solvents<br/>of different polarities as the mobile phase, was used to obtain the phytochemical profile, using<br/>specific developers to each class of secondary metabolites tested. It was observed that with<br/>an increasing concentration of the extract of P. venosa, there was an increase in the number of<br/>abnormal seedlings in all cultivars, reaching percentages of abnormality of 100% for corn and<br/>soybeans, 93% for lettuce, and 67.48% for radish at a 160 g/L concentration. Furthermore, the<br/>evidenced abnormalities were predominant in the seedling root system, causing, in all cases,<br/>necrosis, truncation, atrophy and increased number of hairs. Due to the severity with which the<br/>extracts affected the growth of seedlings and their normality, this study highlights the possible<br/>occurrence of cytotoxicity by the P. venosa species, which is widely used in traditional medicine.<br/><br/>Keywords: Medicinal plant, Persea venosa, toxicity, allelopathy.
650 ## - ASSUNTO - THESAGRO
Cabeçalho tópico ou nome geográfico PLANTA MEDICINAL
650 ## - ASSUNTO - THESAGRO
Cabeçalho tópico ou nome geográfico LAURACEAE
650 ## - ASSUNTO - THESAGRO
Cabeçalho tópico ou nome geográfico TOXIDEZ
650 ## - ASSUNTO - THESAGRO
Cabeçalho tópico ou nome geográfico ALELOPATIA
773 0# - ENTRADA ANALÍTICA
Host Biblionumber 3543
Registro do item 314345
Imprenta Botucatu-SP Instituto de Biociências - Departamento de Química e Bioquímica 1998
Outro identificador 2024-0601
Título Revista Brasileira de Plantas Medicinais (Brazil)
ISSN 1516-0572
Colação v. 15(3) p. 337-346; (2013)
Número de controle de registro BR2024000460
856 ## - ACESSO E ENDEREÇO ELETRÔNICO
Identificador uniforme de recurso - URI https://www.scielo.br/j/rbpm/a/cVPkdxcszQRjBkv8Qd8gTBn/?format=pdf&lang=pt

Nenhum exemplar disponível.

BINAGRI

Telefone: (61)3218-2567/2388/3357/2097 - binagri@agro.gov.br

Ministério da Agricultura e Pecuária , Esplanada dos Ministérios, Bloco D, Anexo B, Brasília/DF, CEP: 70.043-900